| 000 | 01116cam a2200265 i 4500 | ||
|---|---|---|---|
| 005 | 20160220120708.0 | ||
| 008 | 060919t 2005na abdo r 000 0 eng d | ||
| 015 | _aNSS | ||
| 020 | _a9051130805 | ||
| 040 |
_aCO-BoPUJ _cCO-BoIAVH _dCO-BoIAVH |
||
| 041 | 0 | _aeng | |
| 082 | 0 | 4 |
_a581 _bP25f |
| 100 | 1 | _aParrado-Rosselli, Ángela | |
| 245 | 1 | 0 |
_aFruit availability and seed dispersal in terra firme rain forests of Colombian Amazonia / _cÁngela Parrado-Rosselli ; ilustrations Nicolás Lozano y Jairo Moreno. |
| 260 |
_aWageningen : _bTropenbos-International, _cc2005. |
||
| 300 |
_a153 páginas : _bilustraciones, fotos, gráficas, mapas y tablas ; _c24 cm. |
||
| 504 | _aIncluye referencias bibliográficas (p. 125-137). | ||
| 650 | 2 | 4 |
_aDispersión de semillas _zAmazonas (Colombia) |
| 650 | 2 | 4 |
_aEcologóa vegetal _zAmazonas (Colombia) |
| 650 | 2 | 4 |
_aConservación de bosques _zAmazonas (Colombia) |
| 650 | 2 | 4 |
_aÁrboles frutales _zAmazonas (Colombia) |
| 700 | 1 |
_aLozano, Nicolás _eilustrador. |
|
| 700 | 1 |
_aMoreno, Jairo _eilustrador. |
|
| 942 |
_2ddc _cLIBRO |
||
| 999 |
_c5362 _d5362 |
||